Zgadnij co to za postać lub rzecz z Miraculous | Część #18 - Statystyki

Ogólne statystyki
  • Ten quiz został rozwiązany 19 razy
  • Średni wynik to 10 z 20
Statystyki odpowiedzi
Obrazkowy Odpowiedź % Poprawnych
Miraculum Biedronki
85%
Miraculum Czarnego Kota
85%
Miraculum Konia
69%
Miraculum Lisa
69%
Miraculum Pawia
69%
Miraculum Pszczóły
69%
Miraculum Węża
69%
Miraculum Żółwia
69%
XY
69%
Miraculum Małpy
62%
Miraculum Motyla
62%
Miraculum Smoka
54%
Miraculum Tygrysa
54%
Bob Roth
38%
Psinka
31%
August
15%
Fang
15%
Jean Duparc
8%
Mama Augusta
8%
Quentin
8%
Nie znaleziono quizów pasujących do podanych kryteriów
Rozkład punktacji
Procent ludzi z każdym wynikiem
Percentyl według liczby udzielonych odpowiedzi
Twoja historia wyników
Nie rozwiązałeś tego quizu